000 02544nam a22003377i 4500
999 _c22908
_d22908
003 AR-CdUCM
008 240521b20222022 pe||||| |||| 00| 0 spa d
020 _a978-612-49070-7-4
040 _aMUNICIPALIDAD PROVINCIAL DEL CUSCO
_cBIBLIOTECA MUNICIPAL DEL CUSCO
082 _a985.04 / M88
_bM88
100 _aMontalvo, Enmanuel.
_949895
245 _aNuevas miradas a las independencias.
_bActores, procesos e instituciones /
260 _aLima :
_bMinisterio de Cultura del Perú,
_bProyecto Especial Bicentenario de la Independencia del Perú,
_c2022
300 _a229 páginas. :
_c20 cm.
500 _zBibliografía: páginas 224 - 227
505 _aEl Real Cuerpo de Serenos 1804-1821 y la primera institución policial peruana -- "Se acabara el dinero, pero no el deseo de ayudar a la madre patria". Donativos de guerra desde la Gaceta del Gobierno de Lima en el régimen de Abascal 1810 - 1816 -- Liderazgos, discursos e intereses diversos. El rol de los religiosos durante el proceso de independencia en Huánuco -- Huarochirí en el proceso independentista desde las acciones del curaca Ignacio Quispe Ninavilca: una perspectiva localista de la gesta -- "Por su patriotismo y adhesión a la sagrada causa de la independencia ". La junta de Calificación patriótica de Arequipa, 1825 - 1826 -- Formas de Historicidad en el manuscrito Historia del Perú de Juan Basilio Cortegana
650 _aEl Real Cuerpo de Serenos 1804-1821 y la primera institución policial peruana
_949896
650 _a"Se acabara el dinero, pero no el deseo de ayudar a la madre patria". Donativos de guerra desde la Gaceta del Gobierno de Lima en el régimen de Abascal 1810 - 1816
_949897
650 _aLiderazgos, discursos e intereses diversos. El rol de los religiosos durante el proceso de independencia en Huánuco
_949898
650 _aHuarochirí en el proceso independentista desde las acciones del curaca Ignacio Quispe Ninavilca: una perspectiva localista de la gesta
_949899
650 _a"Por su patriotismo y adhesión a la sagrada causa de la independencia ". La junta de Calificación patriótica de Arequipa, 1825 - 1826
_949900
650 _a Formas de Historicidad en el manuscrito Historia del Perú de Juan Basilio Cortegana
_949901
700 _aJesús Yarango
_949902
700 _aGonzalo Zavala
_949903
700 _aErik Lionel Felix
_949904
700 _aHelbert Suyo
_949905
700 _aJuan Antonio Lan
_949906
856 _fwww.bicentenario.gob.pe/biblioteca
942 _2ddc
_cLIBROS
945 _apbj
_d2024-05-21